Law and procedure of departmental enquiries (Record no. 21943)

MARC details
000 -LEADER
fixed length control field 00333nam a2200121Ia 4500
082 ## - DEWEY DECIMAL CLASSIFICATION NUMBER
Classification number 340
Item number GHA
100 ## - MAIN ENTRY--AUTHOR NAME
Personal name GHAIYE, B R
245 #0 - TITLE STATEMENT
Title Law and procedure of departmental enquiries
260 ## - PUBLICATION, DISTRIBUTION, ETC. (IMPRINT)
Place of publication Lucknow
Name of publisher Eastern Book
Year of publication 1972
650 ## - SUBJECT ADDED ENTRY--TOPICAL TERM
Topical Term Departmental enquiries procedure
942 ## - ADDED ENTRY ELEMENTS (KOHA)
Koha item type Books
Holdings
Withdrawn status Lost status Damaged status Not for loan Home library Current library Date acquired Full call number Accession Number Koha item type
        RRII Library RRII Library 16/12/2021 340 GHA 02660 Books